| 000 | 00472cam a2200181ua 4500 | ||
|---|---|---|---|
| 020 |
_a0 8493 5345 9 _c83.50 |
||
| 041 |
_aeng _h |
||
| 082 |
_a664.2 _bPIT/IM |
||
| 100 | _aPitcher, Wayne H . | ||
| 245 |
_aImmobilized enzymes for food processing / _cWayne H Pitcher. _hTextual Documents |
||
| 250 |
_a1 / _b. |
||
| 260 |
_aFlorida : _bCRC Press Inc. , _c1980. |
||
| 300 | _a219 ; . | ||
| 365 | _a83.50 | ||
| 504 | _a | ||
| 942 | _cBK | ||
| 999 |
_c10415 _d10415 |
||